Couleurs primaires - Statistiques

Statistiques générales
  • Ce quiz a été pris 271 fois
  • Le résultat moyen est 5 sur 5
Statistiques - réponses
Couleurs % Correct
Bleu
99%
Jaune
97%
Rouge
96%
Noir
84%
Blanc
82%
Aucun quiz correspondant
Distribution des résultats
% des personnes avec chaque résultat
Percentile par nombre de réponses
Votre historique - résultats
Vous n’avez pas pris ce quiz